000 00639nam a2200265 a 4500
999 _c172709
_d172709
001 269140
005 20190603044954.0
008 190601b my ||||| |||| 00| 0 eng d
020 _a9577870848
040 _aPPAK
_cPPAK
082 _a153.42
_221
090 _a153.42
_bNIE
_dG
100 _aNierenberg, Gerard
245 _aThe art of creative thinking
260 _aTaiwan
260 _bSi Lu Chu Ban She
260 _c1997
300 _a251p.
300 _c22cm.
336 _2rdacontent
_atext
337 _2rdamedia
_aunmediated
338 _2rdacarrier
_avolume
650 _aThought and Thinking.
942 _2ddc
_cB